| 000 | 00900nam a22002537a 4500 | ||
|---|---|---|---|
| 001 | 3243 | ||
| 003 | FISKH | ||
| 005 | 20240221152046.0 | ||
| 008 | 240221b cb ||||| |||| 00| 0 eng d | ||
| 020 | _a9781408341100 | ||
| 040 |
_aFISKH _beng _cFISKH _dFISKH |
||
| 082 | _a823.92 | ||
| 100 | _aMeadows, Daisy | ||
| 245 |
_aLottie little stripe's midnight plan / _cDaisy Meadows |
||
| 260 |
_aLondon : _bHachette Children Book, _c2016. |
||
| 300 |
_a104 pages : _billustrations ; _c20 cm |
||
| 490 | _aMagic Animal Friends | ||
| 505 | _aP | ||
| 520 | _a"When wicked witch Grizelda casts a spell on the Sweet Dreams Tree, the animals can't sleep! Can Lily, Jess and baby badger Lottie Littlestripe stop Friendship Forest from becoming a nightmare?" -- Back cover. | ||
| 521 | 8 |
_a640
_bLexile |
|
| 521 | 8 |
_aP
_bRaz-Plus |
|
| 650 |
_aFantasy _vFiction _yAnimal |
||
| 942 |
_2ddc _cBK _n0 |
||
| 999 |
_c3243 _d3243 |
||